000
00303nam a2200109Ia 4500
008
190216s9999||||xx |||||||||||||| ||und||
100
_a
Chandrika Shankaranarayanan
245
0
_a
Malayalam-P R Raja Raja Varma Malayalathinde Raja Shilpi
260
_b
Bhasha Institute
650
_a
Malayalam
942
_c
BK
999
_c
26279
_d
26279